UBT Library

The business of nonbroadcast television : (Record no. 41850)

000 -LEADER
fixed length control field 00692pam a2200229 a 4500
001 - CONTROL NUMBER
control field 2423737
005 - DATE AND TIME OF LATEST TRANSACTION
control field 20180206033926.0
008 - FIXED-LENGTH DATA ELEMENTS--GENERAL INFORMATION
fixed length control field 871218s1988 nyua b 001 0 eng
010 ## - LIBRARY OF CONGRESS CONTROL NUMBER
LC control number 87036641
020 ## - INTERNATIONAL STANDARD BOOK NUMBER
International Standard Book Number 0867292172 :
Terms of availability $45.00
040 ## - CATALOGING SOURCE
Original cataloging agency DLC
Transcribing agency DLC
Modifying agency DLC
041 ## - LANGUAGE CODE
Language code of text/sound track or separate title eng
043 ## - GEOGRAPHIC AREA CODE
Geographic area code n-us---
080 ## - UNIVERSAL DECIMAL CLASSIFICATION NUMBER
Universal Decimal Classification number 384.55570973 JUD
082 00 - DEWEY DECIMAL CLASSIFICATION NUMBER
Classification number 384.55570973 JUD
Edition number 19
100 1# - Rafti
Rafti 52
101 ## - Shkurtesa
Shkurtesa BUS
245 14 - TITLE STATEMENT
Title The business of nonbroadcast television :
Statement of responsibility, etc by Judith Tereno Stokes.
504 ## - BIBLIOGRAPHY, ETC. NOTE
Bibliography, etc Bibliography: p. 153-154.
906 ## - LOCAL DATA ELEMENT F, LDF (RLIN)
a 7
b cbc
c orignew
d 1
e ocip
f 19
g y-gencatlg
942 ## - ADDED ENTRY ELEMENTS (KOHA)
Source of classification or shelving scheme
Item type Books

No items available.

UBT Library © 2015-2024. All rights reserved University Education for Business and Technology